000 02002nam a2200397 4500
003 EC-UNACH
005 20250514094411.0
006 s||||gr|||| 00| 00
008 150116t9999 mx r gr 000 0 spa d
020 _a9789942963420
040 _aEC-UNACH
_cEC-UNACH
041 _aspa
082 0 4 _223
_a300
_bL017750
110 _aCentro Andino de Acción Popular (CAAP)
245 _aEcuador Debate N°103. Alternativas al Capitalismo
250 _aPrimera edición
264 _aQuito – Ecuador
_bCAAP
_c2018
300 _a212 páginas
_bTablas
_c14,5 X 21 cm
505 _a¿Hacia dónde vamos? . -- Conflictividad socio política: Noviembre 2017 Febrero 2018. -- De las "ciencias económicas" a la post-economía. Reflexiones sobre el sin-rumbo de la economía. -- Alcance y vigencia del postdesarrollo: de la crítica al desarrollo al debate sobre las transiciones. -- Encontrando senderos pluriversales. -- ¿Qué es el decrecimiento? De un lema activista a un movimiento social. -- Alternativas radicales al Desarrollo. -- Una estrategia eco-feminista: militar por el agua, el clima y las luchas post-desarrollo. -- La comunidad andina revisitada: cuestión agraria y cuestión indígena en Chimborazo. -- Pensamiento y motivaciones detrás de las intervenciones políticas de los militares ecuatorianos (1990-2007). -- Desafiando la narrativa estándar: desarrollo petrolero en el oriente ecuatoriano.
650 _aCIENCIAS ECONÓMICAS
650 _aDEBATE SOBRE LAS TRANSICIONES
650 _aLUCHAS POST-DESARROLLO
650 _aMILITARES ECUATORIANOS
650 _aDESARROLLO PETROLERO
650 _aORIENTE ECUATORIANO
700 _aVerdesoto, Luis
700 _aAcosta, Alberto
700 _aCajas Guijarro, John
700 _aUnceta, Koldo
700 _aDemaria, Federico
942 _2ddc
_c1
999 _c13533